00573nam a2200169Ia 4500008004100000020001800041041000800059082001500067100002000082245003400102260003300136300000900169500001600178650003800194999001700232952015400249220803s9999 xx 000 0 und d a0-7277-1596-8 aeng a720.47 ICE aICE Pub.914653 aPollution And Its Containment aLondonbThomas Telfordc1990 a168p aEnvironment aEnvironmental Architecture914654 c11004d11004 001040708Book of B ArchaBNCAbBNCAcT2d2000-08-26eIBTg2516.00o720.47 ICEpBNCA-BK-3056r2022-08-03 00:00:00v2515.50w2000-08-26yRFzB003056